000 00532nam a2200181 4500
001 136202
003 ES-MaACL
007 t|
008 070214s1968 sp r ||||1| spa d
100 1 _aSabater Pi, J.
_9101178
245 1 3 _aEl chimpacé y los orígenes de la cultura /
_cJ. Sabater Pi.
260 _aBarcelona :
_bAnthropos,
_c1978.
300 _a124 p. :
_bil. ;
_c21 cm.
490 1 _aTemas antropológicos
830 0 _aTemas antropológicos
_9182724
852 _aES-MaACL
_jL-4326
_bR.105238
999 _c136202
_d136202